000 00260nam a2200097Ia 4500
001 1211520
005 20250827024438.0
008 250824s9999 xx 000 0 und d
245 0 _aSEN YOLA ÇIK YOL SANA GÖRÜNÜR
_cHAKAN MENGÜÇ
260 _bDESTEK YAYINLARI
999 _c1211520
_d1211520